000 01370cad a22002535a 4500
001 L151424
008 101102s2010 xxk f 000 0 eng d
020 _a9781409826019
035 _a(Sirsi) u151424
041 0 _aeng
050 0 4 _a306.1 $2 18
110 2 _aUnited Kingdom
_bDepartment for Communities and Local Government
_94939
245 0 0 _aEnglish housing survey
_bhousing stock report 2008
_h[electronic resource]
260 _aLondon
_bDCLG
_c2010
505 2 _aIntroduction -- Amentities and services -- External environments -- Stock condition -- Energy performance -- Energy improvement potential -- Disparities in living conditions
520 _aSurvey of the housing stock in England for 2008. Statistical data on number and age of housing stock, the state of repair and measurement of energy efficiency rating (SAP). English Housing Survey (EHS) started in April 2008, an amalgamation of the English House Condition Survey and Survey of English Housing.
590 _aKA NTK
650 2 4 _aENGLISH HOUSE CONDITION SURVEY
650 2 4 _aSURVEY OF ENGLISH HOUSING
651 4 _aEngland
_y886-
690 _aPROPERTY-RESIDENTIAL PROPERTY-DOMESTIC RESIDENTIAL PROPERTY-HOUSING
856 4 0 _uhttps://www.communities.gov.uk/publications/corporate/statistics/ehs2008stockreport
_zView this item free of charge at www.communities.gov.uk
942 _n0
999 _c111360
_d111360